[Event "Obb.Jugend-EM 2012 U12"]
[Site "Riedenburg"]
[Date "2012.02.23"]
[Round "1"]
[White "Gauchel, Lorenz"]
[Black "Kienle, Jan"]
[Result "1-0"]
[BlackElo "1008"]
[WhiteElo "1446"]

1.d4 d5 2.Bf4 Nf6 3.e3 e6 4.Nf3 Bd6 5.Bg3 Bd7 6.Bd3 Nc6 7.Nbd2 Qe7 8.c3 e5 9.dxe5
Nxe5 10.Nxe5 Bxe5 11.Bxe5 Qxe5 12.Nf3 Qe6 13.O-O O-O 14.Qb3 Bc6 15.Nd4 Qd7 16.Bf5
Qd6 17.Rfd1 Rfe8 18.Rac1 Ne4 19.c4 Nc5 20.Qc2 g6 21.Bh3 Re5 22.Nf3 Rh5 23.Bg4 Rh6
24.cxd5 Bxd5 25.Qxc5 Bxf3 26.Rxd6 cxd6 27.Qd4 Bxg4 28.Qxg4 Re8 29.Qd7 Re6 30.Rc7
  1-0

[Event "Obb.Jugend-EM 2012 U12"]
[Site "Riedenburg"]
[Date "2012.02.23"]
[Round "1"]
[White "Goderbauer, Lukas"]
[Black "von Schlippe, Nikolai"]
[Result "0-1"]
[BlackElo "1375"]
[WhiteElo "985"]

1.b3 d5 2.Bb2 c5 3.e3 Nc6 4.Bb5 Bd7 5.f4 e6 6.Nf3 Nf6 7.O-O a6 8.Bxc6 Bxc6 9.Nc3 Be7
10.Ne2 Qc7 11.g3 O-O 12.a4 b5 13.axb5 axb5 14.c3 Qb7 15.b4 cxb4 16.cxb4 Bxb4 17.Bxf6
gxf6 18.Qb3 Ra4 19.Ned4 Rfa8 20.Rxa4 Rxa4 21.Rc1 Bd7 22.Rb1 Be7 $4 23.Nxb5 $4 (23.Qxa4
bxa4 24.Rxb7) 23...Rb4 24.Qd3 Qxb5 25.Qxb5 Bxb5 26.Rxb4 Bxb4 27.d4 Be2 28.Nh4 Bd2
29.Kf2 Bd3 30.Nf3 Bc3 31.h4 Be4 32.Ng1 e5 33.Ne2 Bb2 34.Ke1 Bd3 35.Ng1 exd4 36.exd4
Bxd4 37.Nf3 Be3 38.Kd1 Bf2 39.Kd2 Be4   0-1

[Event "Obb.Jugend-EM 2012 U12"]
[Site "Riedenburg"]
[Date "2012.02.23"]
[Round "1"]
[White "Daoud, Marcel"]
[Black "Schuster, Alexander"]
[Result "1-0"]
[BlackElo "867"]
[WhiteElo "1344"]

1.e4 e5 2.Nf3 Nc6 3.Bc4 Nf6 4.Ng5 d5 5.exd5 Na5 6.Bd3 Nxd5 7.Nf3 Bc5 8.O-O O-O 9.Nxe5
Re8 10.Nc4 Nc6 11.Nc3 Be6 12.Be4 h6 13.Nxd5 Bxd5 14.Bxd5 Qxd5 15.d3 Re6 16.Be3 Nd4
17.Bf4 $2 Ne2+ 18.Kh1 Nxf4 19.Qg4 Rg6 20.Qf3 Qxf3 21.gxf3 Nh3 22.Ne3 Bxe3 23.fxe3 c6 $2
24.f4 Rd8 25.Rf3 Nxf4 26.Rxf4 b5 27.Raf1 Rd7 28.Rg1 Rdd6 29.Rfg4 Rxg4 30.Rxg4 a5
31.Kg2 Rf6 32.c4 b4 33.a3 c5 34.d4 cxd4 35.exd4 g5 36.d5 Rd6 37.axb4 axb4 38.h4 f6
39.Rd4 Kg7 40.c5 Rd8 41.hxg5 hxg5 42.c6 Kf7 43.Rxb4 Rxd5 44.c7 Rc5 45.Rb7 Ke7 46.c8=Q+
Kd6 47.Rd7+ Ke6 48.Rc7+ Ke5 49.Rxc5+ Kf4 50.Qf5+ Ke3 51.Qf2+ Ke4 52.Kg3 f5 53.Qxf5+
Kd4 54.Qxg5 Ke4 55.Rc4+ Kd3 56.Qd5+ Ke3 57.Re4#   1-0

[Event "Obb.Jugend-EM 2012 U12"]
[Site "Riedenburg"]
[Date "2012.02.23"]
[Round "1"]
[White "Shamsinejad, Bobby"]
[Black "Ott, Josef Sebastian"]
[Result "0-1"]
[BlackElo "1319"]
[WhiteElo "796"]

1.e4 e5 2.Nf3 Nc6 3.Bc4 Bc5 4.Nc3 Nf6 5.d3 d6 6.Bg5 h6 7.Bxf6 Qxf6 8.Nd5 Qd8 9.Nd2
Be6 10.Qe2 Nd4 11.Qd1 c6 12.c3 cxd5 13.cxd4 dxc4 14.dxc5 cxd3 15.Qa4+ Bd7 16.Qc4
Rc8 17.Nb3 dxc5 18.O-O O-O 19.Qxd3 c4 20.Qd5 cxb3 21.axb3 Bc6 22.Qxe5 Re8 23.Qh5
Bxe4 24.Rae1 Qg5 25.Qxg5 hxg5 26.f3 Bc6 27.Rd1 Bb5 28.Rf2 Re3 29.f4 Rce8 30.h3 Re1+
31.Rxe1 Rxe1+ 32.Kh2 gxf4 33.Rxf4 Re2 34.Rg4 Rxb2 35.h4 Rxb3 36.h5 Be2 37.Rg5 Rb5
38.Rg3 Rxh5+ 39.Kg1 b5 40.Rc3 b4 41.Rc8+ Kh7 42.Rc7 b3 43.Rb7 Rb5 44.Rxf7 b2 45.Re7
b1=Q+ 46.Kf2 Rb2 47.Rxa7 Qf1+ 48.Kg3 Rb3+ 49.Kh2 Qf4+ 50.g3 Qxg3+ 51.Kh1 Bf3#   0-1

[Event "Obb.Jugend-EM 2012 U12"]
[Site "Riedenburg"]
[Date "2012.02.23"]
[Round "1"]
[White "Yaroshenko, Yaroslav"]
[Black "Gillhuber, Maxi"]
[Result "1-0"]
[BlackElo "795"]
[WhiteElo "1150"]

1.e4 e5 2.f4 exf4 3.Nf3 Nf6 4.Nc3 Bc5 5.d4 Bb4 6.Bd3 Bxc3+ 7.bxc3 O-O 8.Bxf4 d6 9.O-O
Nc6 10.Bg5 h6 11.Bh4 Bg4 12.Qd2 Qe7 13.Qe3 Rad8 14.e5 dxe5 15.dxe5 g5 16.Nxg5 Rd5
17.Rxf6 Rxe5 18.Qf4 Bd7 19.Bh7+ Kh8 20.Rxh6 f6 21.Bg6+ Kg8 22.Bf7+ Rxf7 23.Nxf7 Qxf7
24.Qg3+ Kf8 25.Rxf6 Qxf6 26.Bxf6 Re6 27.Qg7+ Ke8 28.Qg8#   1-0

[Event "Obb.Jugend-EM 2012 U12"]
[Site "Riedenburg"]
[Date "2012.02.24"]
[Round "2"]
[White "Ott, Josef Sebastian"]
[Black "Gauchel, Lorenz"]
[Result "0-1"]
[BlackElo "1446"]
[WhiteElo "1319"]

1.e4 Nf6 2.e5 Nd5 3.c4 Nb6 4.d4 d6 5.exd6 exd6 6.Nc3 Be7 7.Nf3 Bg4 8.h3 Bh5 9.Be2
Nc6 10.b3 Bf6 11.Be3 O-O 12.O-O Re8 13.Qd2 Bg6 14.Rad1 Qd7 15.d5 Ne5 16.Bd4 Re7 17.a4
Nxf3+ 18.Bxf3 Bxd4 19.Qxd4 a5 20.Be4 Bxe4 21.Nxe4 Rae8 22.Ng3 Re5 23.Qc3 Ra8 24.Rfe1
Qe8 25.Rxe5 Qxe5 26.Qxe5 dxe5 27.Re1 f6 28.Ne4 Nd7 29.Rc1 Ra6 30.c5 Kf8 31.d6 cxd6
32.Nxd6 Nxc5 33.Rxc5 Rxd6 34.Rxa5 Rb6 35.Ra8+ Ke7 36.Rg8 Kf7 37.Rc8 Rxb3 38.Rc7+
Kg6 39.Kh2 Ra3 40.Rxb7 Rxa4 41.Rb3 Ra6 42.f3 f5 43.Re3 Kf6 44.Re2 h5 45.Kg3 g5 46.Re3 $4
f4+ 47.Kf2 fxe3+ 48.Kxe3 Kf5 49.g4+ hxg4 50.hxg4+ Kf6 51.Kf2 Ra3 52.Kg2 e4 53.fxe4
Ke5 54.Kf2 Kxe4 55.Kg2 Kf4 56.Kh2 Kxg4 57.Kg2 Ra2+ 58.Kf1 Kf3 59.Ke1 Rf2 60.Kd1 g4
  0-1

[Event "Obb.Jugend-EM 2012 U12"]
[Site "Riedenburg"]
[Date "2012.02.24"]
[Round "2"]
[White "von Schlippe, Nikolai"]
[Black "Yaroshenko, Yaroslav"]
[Result "1-0"]
[BlackElo "1150"]
[WhiteElo "1375"]

1.e4 e5 2.Nf3 Nc6 3.Nc3 Bc5 4.Bb5 d6 5.d4 exd4 6.Nxd4 Bd7 7.Bxc6 Bxc6 8.Be3 Nf6 9.Nxc6
bxc6 10.Bxc5 dxc5 11.Qxd8+ Rxd8 12.Rd1 O-O 13.Ke2 Rde8 14.f3 Re7 15.Rd2 Nd7 16.Rhd1
Nb6 17.Rd8 Ree8 18.Rxe8 Rxe8 19.b3 f5 20.Kf2 fxe4 21.Nxe4 c4 22.b4 Nd5 23.a3 h6 24.Rd4
c3 25.Rc4 Re6 26.Rc5 Kf7 27.Nxc3 Nxc3 28.Rxc3 Kf6 29.Re3 Rd6 30.Rd3 Re6 31.Rd7 Re7
32.Rxe7 Kxe7 33.Ke3 Ke6 34.Ke4 g6 35.h4 Kd6 36.c4 a6 37.a4 c5 38.b5 axb5 39.axb5
c6 40.b6 Kd7 41.Ke5 Kc8 42.Kd6 Kb7 43.Kd7 $2 Kxb6 44.Kd6 Ka5 45.Kxc5   1-0

[Event "Obb.Jugend-EM 2012 U12"]
[Site "Riedenburg"]
[Date "2012.02.24"]
[Round "3"]
[White "Lörner, Robert"]
[Black "Daoud, Marcel"]
[Result "1-0"]
[BlackElo "1344"]
[WhiteElo "1103"]

1.e4 e6 2.d4 d5 3.exd5 exd5 4.Nc3 Bb4 5.a3 Bxc3+ 6.bxc3 Nc6 7.Nf3 Bg4 8.h3 Qe7+ 9.Be3
Bh5 10.Be2 Qd6 11.O-O O-O-O 12.Qc1 Nge7 13.Rb1 f6 14.Qb2 Na5 15.Bd2 Qc6 16.Rfe1 Qd6
17.Qb5 Nec6 18.c4 a6 19.c5 axb5 20.cxd6 Rxd6 21.Rxb5 Bxf3 22.Bxf3 Rhd8 23.Bxa5 Nxd4
24.Rc5 Nxf3+ 25.gxf3 b6 26.Bxb6 Rxb6 27.Re7 Rd7 28.Rxd7 Kxd7 29.Rxd5+ Rd6 30.Rxd6+
Kxd6 31.Kf1 Kc5 32.Ke2 f5 33.Kd3 g5 34.a4 Kb4 35.Kd4 Kxa4 36.Ke5 h6 37.Kd5 Kb4 38.c4
c5 39.f4 gxf4 40.f3 Kc3 41.Kxc5 Kd3 42.Kd5 Ke3 43.c5 Kxf3 44.c6 Kg2 45.c7 f3 46.c8=Q
f2 47.Qc2 Kg1 48.Qc5 Kg2 49.Qc2 Kg1 50.Qc5 Kh1 $4 51.Qxf2   1-0

[Event "Obb.Jugend-EM 2012 U12"]
[Site "Riedenburg"]
[Date "2012.02.24"]
[Round "2"]
[White "Kienle, Jan"]
[Black "Shamsinejad, Bobby"]
[Result "1-0"]
[BlackElo "796"]
[WhiteElo "1008"]

1.e4 e5 2.Nf3 Nc6 3.Bc4 Bc5 4.d3 Nf6 5.Bg5 d6 6.Nc3 Bg4 7.h3 Bh5 8.O-O Nd4 9.g4 h6
10.Be3 Bg6 11.Bd5 c6 12.Bc4 Qd7 13.Nh2 h5 14.f3 Ne6 15.Bxc5 Nxc5 16.f4 hxg4 17.hxg4
Rh3 18.f5 Rg3+ 19.Kf2 Rh3 20.Kg2 Rh4 21.Kg3 Rh6 22.fxg6 Rxg6 23.Qf3 Nh5+ 24.Kh3 Rh6
25.Qxf7+ Qxf7 26.Bxf7+ Kd8 27.Bxh5 g6 28.Rf8+ Ke7 29.Rxa8 gxh5 30.gxh5 Rxh5+ 31.Kg2
Rg5+ 32.Kh1 Ne6 33.Rg1 Rh5 34.Rxa7 Nf4 35.Rxb7+ Ke6 36.Rbg7 Nh3 37.R1g6#   1-0

[Event "Obb.Jugend-EM 2012 U12"]
[Site "Riedenburg"]
[Date "2012.02.24"]
[Round "2"]
[White "Gillhuber, Max"]
[Black "Goderbauer, Lukas"]
[Result "1-0"]
[BlackElo "985"]
[WhiteElo "795"]

1.e4 g6 2.Nc3 Bg7 3.Bc4 d6 4.Nf3 e6 5.O-O Ne7 6.d3 Nd7 7.Bg5 b6 8.Qe2 c5 9.Rab1 Qc7
10.Bxe7 Kxe7 11.a3 Re8 12.Ng5 h5 13.Qf3 Bf6 14.e5 Bxg5 15.Qxa8 Nxe5 16.Qe4 Bb7 17.Qe2
Kf8 18.f4 Ng4 19.fxg5 a6 20.h3 Ne5 21.Rbe1 Qc6 22.Qf2 Re7 23.Bxe6 Qe8 24.Bb3 a5 25.a4
Bc8 26.Nb5 Qd7 27.Qf6 Bb7 28.Qh8#   1-0

[Event "Obb.Jugend-EM 2012 U12"]
[Site "Riedenburg"]
[Date "2012.02.24"]
[Round "3"]
[White "Gauchel, Lorenz"]
[Black "von Schlippe, Nikolai"]
[Result "1/2-1/2"]
[BlackElo "1375"]
[WhiteElo "1446"]

1.d4 d5 2.Bf4 Bf5 3.Nf3 e6 4.e3 Nd7 5.Nbd2 Ngf6 6.Be2 Rc8 7.O-O Nh5 8.Be5 f6 9.Bg3
Nxg3 10.hxg3 Bd6 11.c4 c6 12.Qb3 b6 13.Rac1 O-O 14.Nh4 dxc4 15.Bxc4 Kh8 16.Bxe6 Bxe6
17.Qxe6 Qc7 18.Nc4 Bb4 19.a3 b5 20.axb4 bxc4 21.Qxc4 Nb6 22.Qe2 Qe7 23.Qd2 Nd5 24.Rc5
Qb7 25.Rc4 Nb6 26.Rc3 Nd5 27.Rb3 a5 28.Ra3 axb4 29.Ra5 Rfd8   1/2-1/2

[Event "Obb.Jugend-EM 2012 U12"]
[Site "Riedenburg"]
[Date "2012.02.24"]
[Round "3"]
[White "Ott, Josef Sebastian"]
[Black "Lörner, Robert"]
[Result "1-0"]
[BlackElo "1103"]
[WhiteElo "1319"]

1.e4 e5 2.Nf3 Nc6 3.Bc4 Bc5 4.c3 Nge7 5.d3 O-O 6.O-O h6 7.Nbd2 Kh8 8.Re1 d6 9.Nf1
Bg4 10.h3 Bh5 11.Ng3 Bg6 12.a4 a6 13.Nh4 Bh7 14.Qf3 Ng8 15.Nhf5 Nce7 16.b4 Ba7 17.Nxe7
Nxe7 18.Bxh6 Ng6 19.Be3 Bxe3 20.Qxe3 f5 21.Nxf5 Nh4 22.Nxh4 Qxh4 23.Qg3 Qf6 24.Re3
Qh6 25.Rf3 Qd2 26.Rxf8+ Rxf8 27.Rf1 c6 28.Qh4 b5 29.Qe7 Rf6 30.Qe8+   1-0

[Event "Obb.Jugend-EM 2012 U12"]
[Site "Riedenburg"]
[Date "2012.02.24"]
[Round "3"]
[White "Daoud, Marcel"]
[Black "Gillhuber, Max"]
[Result "1-0"]
[BlackElo "795"]
[WhiteElo "1344"]

1.e4 e5 2.Nf3 f6 3.d4 Nc6 4.d5 Nce7 5.Bc4 Ng6 6.O-O d6 7.Nc3 Nh6 8.Bxh6 gxh6 9.Qd2
Bg4 10.Bb5+ Bd7 11.Bxd7+ Qxd7 12.Ne2 O-O-O 13.a4 Kb8 14.a5 a6 15.b4 Rg8 16.c4 Ne7
17.Rfb1 Nc8 18.b5 Ka7 19.Qe3+ Ka8 20.bxa6 bxa6 21.Qb3 Nb6 22.axb6 c6 23.Rxa6+ Kb7
24.Ra7+ Kb8 25.Qa4 Qxa7 26.Qxa7+   1-0

[Event "Obb.Jugend-EM 2012 U12"]
[Site "Riedenburg"]
[Date "2012.02.24"]
[Round "3"]
[White "Yaroshenko, Yaroslav"]
[Black "Kienle, Jan"]
[Result "1-0"]
[BlackElo "1008"]
[WhiteElo "1150"]

1.e4 e5 2.f4 d6 3.Nf3 Nd7 4.Bc4 h6 5.d3 Ngf6 6.f5 Nb6 7.Bb3 Bd7 8.Nc3 Rg8 9.Be3 Ng4
10.Bxb6 axb6 11.h3 Nf6 12.Nd5 Nxd5 13.Bxd5 c6 14.Bb3 Be7 15.O-O Rf8 16.c3 g6 17.fxg6
fxg6 18.Nd2 Rxf1+ 19.Qxf1 Bf6 20.d4 Qe7 21.Nf3 O-O-O 22.a4 Kc7 23.a5 b5 24.c4 exd4
25.cxb5 cxb5 26.Qc1+ Bc6 27.Bd5 Bg5 28.Nxg5 Qxg5 29.Qc2 Qe3+ 30.Kh1 Kd7 31.Bxc6+
bxc6 32.Rc1 c5 33.b4 c4 34.e5 dxe5 35.Ra1 d3 36.Qc3 Qd4 37.Qe1 d2 38.Qf1 e4 39.Qf7+
Kc8 40.Qe6+ Rd7 41.Qe8+ Kc7 42.Rd1 Qc3 43.Qxg6 e3 44.Qb6+ Kc8 45.Qc6+ Kd8 46.Qb6+
Ke7 47.Qc5+ Rd6 48.Qc7+ Ke6 49.Qc8+ Ke5 50.Qc5+ Rd5 51.Qe7+ Kd4 52.Qf6+ Kd3 53.Qg6+
Kd4 54.Qg4+ Ke5 55.Qg7+ Ke4 56.Qxc3 Rd3 57.Qf6 e2 58.Qg6+ Ke3 59.Qxh6+ Ke4 60.Qh4+
Ke3 61.Qg3+ Ke4 62.Qg4+ Ke3 63.Qf3+   1-0

[Event "Obb.Jugend-EM 2012 U12"]
[Site "Riedenburg"]
[Date "2012.02.24"]
[Round "3"]
[White "Goderbauer, Lukas"]
[Black "Schuster, Alexander"]
[Result "1/2-1/2"]
[BlackElo "867"]
[WhiteElo "985"]

1.e4 e5 2.Nf3 Nc6 3.Bb5 Nf6 4.O-O Bc5 5.Re1 d6 6.h3 Be6 7.c3 a6 8.Ba4 b5 9.Bc2 Bb6
10.d4 exd4 11.cxd4 Nb4 12.Nbd2 c6 13.Nf1 Nxc2 14.Qxc2 Rc8 15.Qd1 O-O 16.Bg5 h6 17.Bh4
Qc7 18.Rc1 Rfe8 19.Bxf6 gxf6 20.d5 Bd7 21.dxc6 Bxc6 22.Nd4 Bxd4 23.Qxd4 Re6 24.Ng3
Qe7 25.Nf5 Qf8 26.Re3 Kh7 27.Rg3 Bd7 28.Rxc8 Qxc8 29.Rg7+ Kh8   1/2-1/2

[Event "Obb.Jugend-EM 2012 U12"]
[Site "Riedenburg"]
[Date "2012.02.25"]
[Round "4"]
[White "Lörner, Robert"]
[Black "Gauchel, Lorenz"]
[Result "0-1"]
[BlackElo "1446"]
[WhiteElo "1103"]

1.e4 Nf6 2.Nc3 d5 3.exd5 Nxd5 4.Bc4 Nb6 5.Bb3 c5 6.a3 Nc6 7.h3 Bf5 8.Nf3 e6 9.O-O
Be7 10.Ne2 O-O 11.Ng3 Bg6 12.c3 Qd7 13.Bc2 Bxc2 14.Qxc2 Rfd8 15.Qe4 Qd5 16.Qg4 Nd7
17.Nh5 Bf8 18.Ng5 Nde5 19.Qh4 h6 20.Ne4 Ng6 21.Qg4 Nce5 22.Qe2 Qd3 23.Qe1 Qc2 24.f4
Nc4 25.Rf2 Rd5 26.Nhg3 Ne7 27.Nxc5 Qg6 28.Nce4 f5 29.d3 Nxb2 30.Rxb2 fxe4 31.Nxe4
b6 32.Qe3 Nf5 33.Qf3 Rad8 34.Nf2 Bc5 35.Rd2 Nh4 36.Qg4 Qxg4 37.hxg4 Rxd3 38.Rxd3
Rxd3 39.Kf1 Rxc3 40.Ne4 Rc4 41.Nxc5 Rxc5 42.g3 Ng6 43.Bd2 Kf7 44.Kf2 Ne7 45.Rd1 Rd5
46.Ke3 e5 47.Rf1 exf4+ 48.gxf4 Rb5 49.Bb4 Nd5+ 50.Ke4 Nxb4 51.axb4 Rxb4+ 52.Kf3 Rd4
53.Ra1 a5 54.Ke3 Rb4 55.Kd3 Rxf4 56.Rc1 Rf6 57.g5 hxg5 58.Rg1 Kg6 59.Kc3 b5 60.Kb3
Rf3+ 61.Kb2 Kf5 62.Rd1 Kg4 63.Rd4+ Rf4 64.Rd2 g6 65.Rg2+ Kf5 66.Re2 g4 67.Rd2 Kg5
68.Rd5+ Rf5 69.Rd3 Kh4 70.Rd1 g3 71.Rh1+ Kg4 72.Rg1 Rf2+ 73.Kc3 g2 74.Rd1 Rf1 75.Rd4+
Kg3 76.Rd3+ Rf3 77.Rxf3+ Kxf3 78.Kb3 g1=Q 79.Kc2 Qe3 80.Kd1 Qf2 81.Kc1 Ke3 82.Kb1
Kd3 83.Ka1 Kc3 84.Kb1 Qb2#   0-1

[Event "Obb.Jugend-EM 2012 U12"]
[Site "Riedenburg"]
[Date "2012.02.25"]
[Round "4"]
[White "von Schlippe, Nikolai"]
[Black "Daoud, Marcel"]
[Result "1/2-1/2"]
[BlackElo "1344"]
[WhiteElo "1376"]

1.e4 e6 2.d4 d5 3.exd5 exd5 4.Be3 Nc6 5.c3 Bd6 6.Bd3 Nge7 7.Qc2 h5 8.Nd2 Bg4 9.h3
Be6 10.Ngf3 Qd7 11.Ng5 Bf5 12.Ngf3 f6 13.Nh4 Bxd3 14.Qxd3 g5 15.Ng6 Rg8 16.Nxe7 Nxe7
17.O-O-O O-O-O 18.Kb1 c6 19.Nb3 Qf5 20.Kc2 Rde8 21.Rde1 Kc7 22.Kd2 Qxd3+ 23.Kxd3
b6 24.g3 a5 25.a4 Ng6 26.Nc1 Re6 27.Bd2 Rge8 28.Rxe6 Rxe6 29.Ne2 Kd7 30.Rb1 b5 31.axb5
cxb5 32.Ra1 Bc7 33.f4 gxf4 34.Nxf4 Nxf4+ 35.Bxf4 Bxf4 36.gxf4 a4 37.Rf1 Kd6 38.Rf3
Re1 39.f5 Re4 40.Kc2 Re2+ 41.Kc1 Re1+ 42.Kc2 Re2+ 43.Kc1   1/2-1/2

[Event "Obb.Jugend-EM 2012 U12"]
[Site "Riedenburg"]
[Date "2012.02.25"]
[Round "4"]
[White "Yaroshenko, Yaroslav"]
[Black "Ott, Josef Sebastian"]
[Result "0-1"]
[BlackElo "1319"]
[WhiteElo "1150"]

1.e4 e5 2.f4 exf4 3.Nf3 d5 4.d3 dxe4 5.dxe4 Qxd1+ 6.Kxd1 Bd6 7.Bc4 Bg4 8.Ke1 f6 9.Nc3
Nd7 10.Nb5 Bxf3 11.gxf3 g5 12.Nxd6+ cxd6 13.b3 O-O-O 14.Bb2 Ne5 15.Be6+ Kc7 16.Ke2
Ne7 17.h4 N7g6 18.hxg5 fxg5 19.Bf5 Nh4 20.Bg4 h5 21.Bh3 Nhxf3 22.Raf1 Nh4 23.Rd1
g4 24.Bf1 Nhg6 25.Rc1 h4 26.c4 f3+ 27.Ke3 Rh5 28.c5 Kb8 29.cxd6 Rxd6 30.Bxe5 Nxe5
31.Bh3 gxh3 32.Rxh3 f2 33.Rhh1 Rf6 34.Rhd1 a6 35.Rf1 h3 36.Rxf2 Rxf2 37.Kxf2 Nd3+
38.Kg3 Nxc1 39.e5 h2 40.e6 h1=Q 41.e7 Re5 42.e8=Q+ Rxe8 43.Kf4 Qf1+ 44.Kg5 Rg8+ 
 0-1

[Event "Obb.Jugend-EM 2012 U12"]
[Site "Riedenburg"]
[Date "2012.02.25"]
[Round "4"]
[White "Kienle, Jan"]
[Black "Gillhuber, Max"]
[Result "1/2-1/2"]
[BlackElo "795"]
[WhiteElo "1008"]

1.e4 e5 2.Nf3 Nc6 3.Bc4 Nf6 4.Nc3 Bc5 5.d3 O-O 6.Bg5 h6 7.Bxf6 Qxf6 8.Nd5 Qd8 9.O-O
d6 10.a3 Be6 11.c3 Bxd5 12.exd5 Nb8 13.b4 Bb6 14.Bb3 a6 15.c4 Nd7 16.Ba4 Ba7 17.Bxd7
Qxd7 18.Re1 f6   1/2-1/2

[Event "Obb.Jugend-EM 2012 U12"]
[Site "Riedenburg"]
[Date "2012.02.24"]
[Round "4"]
[White "Shamsinejad, Bobby"]
[Black "Schuster, Alexander"]
[Result "0-1"]
[BlackElo "867"]
[WhiteElo "796"]

1.e4 e5 2.Nf3 Nc6 3.Bc4 Nf6 4.Nc3 Bc5 5.d3 d6 6.Bg5 O-O 7.Nd5 Bg4 8.Nxf6+ gxf6 9.Bh6
Re8 10.h3 Bh5 11.g4 Bg6 12.Qe2 Qd7 13.g5 f5 14.O-O-O Bh5 15.Bd5 Kh8 16.h4 fxe4 17.dxe4
Rab8 18.Rd2 Nd4 19.Qc4 Nxf3 20.Rd3 b5 21.Qb3 Nd4 22.Qc3 Ne2+ 23.Kb1 Nxc3+ 24.Rxc3
Bxf2 25.Bc6 Qc8 26.Rf1 Bd4 27.Rb3 Re7 28.Rf6 Re6 29.Rf5 Bg4 30.Rxf7 Rxh6 31.gxh6
Be6 32.Bd5 Bxf7 33.Bxf7 Qf8 34.Rf3 Re8 35.c3 Bb6 36.Rf5 Re7 37.Be6 Qe8 38.Bd5 c6
39.Bb3 Re6 40.Bxe6 c5 41.b4 cxb4 42.cxb4 Be3 43.Rf6 Bd2 44.h5 Bxb4 45.a3 Bxa3 46.Bd5
Bc5 47.Kc2 Qe7 48.Rf5 Be3 49.Kd3 Bxh6 50.Rf7 Qg5 51.Rxa7 Qe3+ 52.Kc2 b4 53.Ra8+ Kg7
54.Rg8+ Kf6 55.Re8 Kg5 56.Rg8+ Kxh5 57.Bf7+ Kh4 58.Be6 Qxe4+ 59.Kb3 Qd4 60.Rg4+ Qxg4
61.Bxg4 Kxg4 62.Kxb4 e4 63.Kc3 e3 64.Kd3 Bf4 65.Ke2 h5 66.Kf1 Kf3 67.Ke1 h4 68.Kf1
Bg3 69.Kg1 e2 70.Kh1 e1=Q#   0-1

[Event "Obb.Jugend-EM 2012 U12"]
[Site "Riedenburg"]
[Date "2012.02.25"]
[Round "5"]
[White "Gauchel, Lorenz"]
[Black "Daoud, Marcel"]
[Result "1/2-1/2"]
[BlackElo "1344"]
[WhiteElo "1446"]

1.d4 e6 2.Bf4 Nf6 3.Nf3 c5 4.c3 cxd4 5.Nxd4 d6 6.Nf3 b6 7.e3 e5 8.Bg3 Bb7 9.Nbd2 Be7
10.Be2 Nbd7 11.O-O O-O 12.h3 Rc8 13.Nb3 Qc7 14.Nfd2 a6 15.Bf3 b5 16.Rc1 Nb6 17.Bxb7
Qxb7 18.Qe2 Na4 19.Nf3 Nb6 20.Nfd2 Na4 21.Nf3 Nb6 22.Rfd1 Rfd8 23.Bh2 Nc4 24.Rb1
Nd5 25.Qd3 Nf6 26.Qe2 Nd5 27.Qd3 Nf6 28.Qe2 h6 29.Nbd2 Nxd2 30.Nxd2 Nd7 31.Nb3 Nc5
  1/2-1/2

[Event "Obb.Jugend-EM 2012 U12"]
[Site "Riedenburg"]
[Date "2012.02.25"]
[Round "5"]
[White "Ott, Josef Sebastian"]
[Black "von Schlippe, Nikolai"]
[Result "1-0"]
[BlackElo "1375"]
[WhiteElo "1319"]

1.e4 c5 2.Nc3 d6 3.f4 g6 4.Nf3 Bg7 5.d3 Nc6 6.Be2 Nf6 7.O-O Bd7 8.Qe1 Nb4 9.Bd1 Qb6
10.Kh1 Qc7 11.a3 Nc6 12.b3 O-O 13.Qh4 Bg4 14.Ng5 Bxd1 15.Nd5 Nh5 16.Nxc7 Rac8 17.Rb1
Bxc2 18.g4 Bxb1 19.Nd5 h6 20.gxh5 hxg5 21.Qxg5 Bxd3 22.Re1 Kh7 23.hxg6+ fxg6 24.Re3
Bh6 25.Rh3 Bxe4+ 26.Kg1 Kg7 27.Qxh6+ Kf7 28.Nc3 Rh8 29.Qxh8 Rxh8 30.Rxh8 Bf5 31.Ne2
Bg4 32.Kf2 Kg7 33.Rh4 Be6 34.Bb2+ Kf7 35.Rh7+ Kf8 36.Rh6 Kf7 37.Nc3 Bxb3 38.Rh3 Be6
39.Re3 Bf5 40.Ne4 Nd4 41.Bxd4 cxd4 42.Re1 b6 43.Nd2 Kf6 44.Rc1 e5 45.Kf3 Ke6 46.Rc7
Kd5 47.fxe5 dxe5 48.Rxa7 g5 49.Rb7 g4+ 50.Ke2 e4 51.Rxb6 e3 52.Rb5+ Ke6 53.Nb3 Bg6
54.Nxd4+ Kf7 55.Kxe3 Kg8 56.Rg5   1-0

[Event "Obb.Jugend-EM 2012 U12"]
[Site "Riedenburg"]
[Date "2012.02.25"]
[Round "5"]
[White "Schuster, Alexander"]
[Black "Lörner, Robert"]
[Result "0-1"]
[BlackElo "1103"]
[WhiteElo "867"]

1.e4 e5 2.Nf3 Nc6 3.Bc4 Bc5 4.d3 h6 5.Nc3 d6 6.Be3 Bb6 7.Nd5 Bg4 8.h3 Bh5 9.c3 Nf6
10.Nxb6 axb6 11.d4 exd4 12.cxd4 Nxe4 13.O-O O-O 14.Rc1 Qf6 15.Re1 Ne7 16.Qd3 Bxf3
17.gxf3 Qxf3 18.Bd5 Nxd5 19.a3 f5 20.h4 f4 21.Rf1 Rf6 22.Rfe1 Rf5 23.Rcd1 Rh5 24.Kf1
Rxh4 25.Qxe4 Rh1#   0-1

[Event "Obb.Jugend-EM 2012 U12"]
[Site "Riedenburg"]
[Date "2012.02.25"]
[Round "5"]
[White "Goderbauer, Lukas"]
[Black "Yaroshenko, Yaroslaw"]
[Result "0-1"]
[BlackElo "1150"]
[WhiteElo "985"]

1.b3 e5 2.Bb2 Nc6 3.e3 d5 4.Bb5 Bd6 5.Bxc6+ bxc6 6.f4 Qe7 7.Nf3 f6 8.fxe5 fxe5 9.O-O
Bg4 10.Qe1 Nf6 11.Nc3 O-O 12.h3 Bxf3 13.Rxf3 e4 14.Rf1 Qe5 15.g3 Qg5 16.Ne2 Nh5 17.Rxf8+
Rxf8 18.g4 Rf3 19.Kg2 Ng3 20.Nxg3 Bxg3 21.Qh1 Qh4 22.Rf1 Rf2+ 23.Rxf2 Bxf2 24.Be5
Be1 25.d4 Qf2#   0-1

[Event "Obb.Jugend-EM 2012 U12"]
[Site "Riedenburg"]
[Date "2012.02.25"]
[Round "5"]
[White "Gillhuber, Max"]
[Black "Shamsinejad, Bobby"]
[Result "1-0"]
[BlackElo "796"]
[WhiteElo "795"]

1.e4 e5 2.Nf3 Nc6 3.Bc4 Bc5 4.Nc3 Nf6 5.O-O d6 6.d3 Bg4 7.h3 Be6 8.Bxe6 fxe6 9.Bg5
h6 10.Bh4 Qd7 11.Bxf6 gxf6 12.a3 O-O-O 13.Nb5 Nd4 14.Nxa7+ Bxa7 15.c3 Nxf3+ 16.Qxf3
Qg7 17.a4 Rhg8 18.g3 Qg5 19.h4 Qd2 20.Rab1 Qc2 21.Rfc1 Qxa4 22.Ra1 Qb5 23.Rxa7 Rg7
24.Qxf6 Rdg8 25.Qxe6+ Qd7 26.Ra8#   1-0